000 00417cam a2200181ua 4500
020 _c1.00
041 _ahin
_h
082 _a891.54
_bRAM/BA
100 _aRamdhari Singh, Dinakar .
245 _aBapu /
_cRamdhari Singh Dinakar.
_hTextual Documents
250 _a1 /
_b.
260 _a :
_bUdayanchal ,
_c1948.
300 _a60 ; .
365 _a1.00
504 _a
942 _cBK
999 _c6424
_d6424